000 00858nab a2200265 u 4500
001 07489
003 HDC
007 cr bn ---aaaaa
008 210128c mydr|nes 0 a may d
040 _aHDC
100 _aMushtak Parker
_eauthor
_97670
245 0 _aDo more to boost islamic trade finance /
_cby Mushtak Parker
260 _aKuala Lumpur :
_bNEW STRAITS TIMES,
_c2017
300 _apage 19
336 _atext
_2rdacontent
337 _acomputer
_2rdamedia
338 _aonline resource
_2rdacarrier
650 _aEconomy
_91877
650 _aFinancial industry
_98028
650 _aIslamic trade
_98027
856 _zRequest full-text at [email protected]
942 _2lcc
942 _cNEWS
942 _kNWSC 001136
999 _c4812
_d4812